00574cam a2200145 a 4500020004600000020004400046041000800090082001600098100001800114245008600132260010700218300001300325500006500338650002500403 a0802844456 (pbk. : alk. paper : Eerdmans) a0880281812 (pbk : alk. paper : Forward) aENG00a225.92bWRI1 aWright, N. T.10aWhat Saint Paul really said :Was Paul of Tarsus the real founder of Christianity? aGrand Rapids, Mich. :bW.B. Eerdmans Pub. ;aCincinnati, Ohio :bForward Movement Publications,c1997. a192 p. ; aBased on various lectures given at various places and times. 0aChristianity Origins